Framework Administered Account for Selected Fund Activities : Central African Regional Technical Assistance Center (AFRITAC Central) Subaccount.

This supplement provides clarifications and proposes revision to the reforms of the nonconcessional lending toolkit contained in the staff papers on 'The Fund's Mandate-Future Financing Role: Reform Proposals'. The focus of this supplement is on the Flexible Credit Line (FCL) and the...

Descrizione completa

Dettagli Bibliografici
Ente Autore: International Monetary Fund
Natura: Periodico
Lingua:English
Pubblicazione: Washington, D.C. : International Monetary Fund, 2010.
Serie:Policy Papers; Policy Paper ; No. 2010/075
Accesso online:Full text available on IMF
LEADER 01474cas a2200241 a 4500
001 AALejournalIMF020137
008 230101c9999 xx r poo 0 0eng d
020 |c 5.00 USD 
020 |z 9781498337090 
022 |a 2663-3493 
040 |a BD-DhAAL  |c BD-DhAAL 
110 2 |a International Monetary Fund. 
245 1 0 |a Framework Administered Account for Selected Fund Activities :   |b Central African Regional Technical Assistance Center (AFRITAC Central) Subaccount. 
264 1 |a Washington, D.C. :  |b International Monetary Fund,  |c 2010. 
300 |a 1 online resource (5 pages) 
490 1 |a Policy Papers 
500 |a <strong>Off-Campus Access:</strong> No User ID or Password Required 
500 |a <strong>On-Campus Access:</strong> No User ID or Password Required 
506 |a Electronic access restricted to authorized BRAC University faculty, staff and students 
520 3 |a This supplement provides clarifications and proposes revision to the reforms of the nonconcessional lending toolkit contained in the staff papers on 'The Fund's Mandate-Future Financing Role: Reform Proposals'. The focus of this supplement is on the Flexible Credit Line (FCL) and the Precautionary Credit Line (PCL), for which revised proposed decisions are attached. 
538 |a Mode of access: Internet 
830 0 |a Policy Papers; Policy Paper ;  |v No. 2010/075 
856 4 0 |z Full text available on IMF  |u http://elibrary.imf.org/view/journals/007/2010/075/007.2010.issue-075-en.xml  |z IMF e-Library